Comparative Analysis of Media and media Laws in Pakistan (Record no. 325932)

000 -LEADER
fixed length control field 00386 a2200133 4500
001 - CONTROL NUMBER
control field 90859
082 ## - DEWEY DECIMAL CLASSIFICATION NUMBER
Classification number 343.41099 YAS
090 ## - LOCALLY ASSIGNED LC-TYPE CALL NUMBER (OCLC); LOCAL CALL NUMBER (RLIN)
-- 43031
-- 43031
100 ## - MAIN ENTRY--PERSONAL NAME
Personal name Yasmeen Aftab Ali
245 ## - TITLE STATEMENT
Title Comparative Analysis of Media and media Laws in Pakistan
Statement of responsibility, etc. Yasmeen Aftab Ali
Medium English
260 ## - PUBLICATION, DISTRIBUTION, ETC.
Place of publication, distribution, etc. Lahore
Name of publisher, distributor, etc. Sang-e-Meel Publications
Date of publication, distribution, etc. 2012
300 ## - PHYSICAL DESCRIPTION
Extent 312 p
610 ## - SUBJECT ADDED ENTRY--CORPORATE NAME
Corporate name or jurisdiction name as entry element media-pakistan
942 ## - ADDED ENTRY ELEMENTS (KOHA)
Institution code [OBSOLETE] CAE NUST
Call number prefix 343.41099 YAS
Holdings
Withdrawn status Lost status Damaged status Not for loan Collection code Permanent Location Current Location Date acquired Total Checkouts Full call number Barcode Date last seen Price effective from Koha item type
          College of Aeronautical Engineering (CAE) College of Aeronautical Engineering (CAE) 04/03/2017   343.41099 YAS CAE88035 04/05/2017 04/05/2017 Book
© 2023 Central Library, National University of Sciences and Technology. All Rights Reserved.